| 000 | 00437nam a22001577a 4500 | ||
|---|---|---|---|
| 005 | 20250604144647.0 | ||
| 008 | 250604b |||||||| |||| 00| 0 eng d | ||
| 020 | _a 0-495-31863-9 | ||
| 050 |
_aHA 32 K 46 2007 _b1 |
||
| 100 | _aLEE A. KIRKPATRICK | ||
| 245 | _aA SIMPLE GUIDE TO SPSS FOR WINDOWS | ||
| 260 |
_aUSA _bMICHELE SORDI _c2007 |
||
| 650 | _aHOW TO USEE SPSS FOR WINDOWS | ||
| 700 | _aBROOKE C. FEENEY | ||
| 942 |
_2lcc _cBK |
||
| 999 |
_c215569 _d215569 |
||